Wird geladen...

Kreutzer sonata /

Bibliographische Detailangaben
1. Verfasser: Tolstoy, Leo
Format: Printed Book
Sprache:Malayalam
Veröffentlicht: Thrissur: Green books, 2012.
Ausgabe:1st ed.
LEADER 00547nam a2200169Ia 4500
008 150624b xxu||||| |||| 00| | mal d
999 |c 299167  |d 299167 
020 |a 9789380884714 
082 |a 891.73T1 
100 |a Tolstoy, Leo 
245 |c Leo Tolstoy  |a Kreutzer sonata / 
250 |a 1st ed. 
260 |b Green books,  |c 2012.  |a Thrissur: 
300 |a 116p. 
546 |a In Malayalam. 
942 |c BK 
952 |0 0  |1 0  |2 ddc  |4 0  |6 891_000000000000000_73T1_KRE  |7 0  |9 340695  |a MAL  |b MAL  |c ST1  |d 2018-10-22  |g 80.00  |i G249  |l 0  |o 891.73T1 KRE  |p MALG249  |r 2018-10-22  |w 2018-10-22  |y BK